Counties of Thuringia - Statistics

General Stats
  • This quiz has been taken 10 times
  • The average score is 10 of 22
Answer Stats
County % Correct
Schmalkalden-Meiningen
75%
Altenburger Land
63%
Erfurt
63%
Gera
63%
Gotha
63%
Weimar
63%
Greiz
50%
Jena
50%
Nordhausen
50%
Saalfeld-Rudolstadt
50%
Suhl
50%
Hildburghausen
38%
Ilm-Kreis
38%
Kyffhäuserkreis
38%
Sonneberg
38%
Wartburgkreis
38%
Eichsfeld
25%
Saale-Holzland-Kreis
25%
Saale-Orla-Kreis
25%
Sömmerda
25%
Unstrut-Hainich-Kreis
25%
Weimarer Land
25%
No matching quizzes found
Score Distribution
Percent of People with Each Score
Percentile by Number Answered
Your Score History
You have not taken this quiz